000
00460nam a2200181Ia 4500
008
100917s9999 xx 000 0 und d
082
_b
38634
100
_a
अदवंत म. ना.
245
_a
मनाली
260
_b
पुष्पक प्रकाशन
_c
1978
300
_a
139
365
_b
10
520
_a
निबंध
630
_a
मनाली
650
_a
निबंध
730
_a
मनाली
942
_c
BOOK
999
_c
644028
_d
644025